000
00269nam a2200121Ia 4500
005
20251222141810.0
008
251222s9999||||xx |||||||||||||| ||spa||
020
_a
84-599-0063-0
082
_a
838.93/K15M
100
_a
"Kafka, Franz"
245
0
_a
América
942
_c
LIB
999
_c
6449
_d
6449